[Event "AUTO-MASTER-691"]
[Site "http://www.queenalice.com/game.php?id=509988"]
[Date "2008.12.19"]
[Round "1"]
[White "RIVAS"]
[Black "MisterEd"]
[Result "0-1"]
[WhiteElo "1984"]
[BlackElo "2251"]

1. d4 Nf6 2. c4 Nc6 3. g3 e5 4. d5 Bb4+ 5. Bd2 Bxd2+ 6. Nxd2 Ne7 7. Bg2 d6 8.
Ne4 Nxe4 9. Bxe4 c6 10. Qd2 cxd5 11. Bxd5 Nxd5 12. Qxd5 O-O 13. Nf3 Be6 14. Qb5
Qb6 15. Qxb6 axb6 16. b3 b5 17. cxb5 Bxb3 18. O-O Bc4 19. Rfe1 Bxb5 20. e3 Bc6
21. Nd2 Ra4 22. Nb3 Rfa8 23. Nc1 Bf3 24. Ne2 Rxa2 25. Rxa2 Rxa2 26. Nc3 Rc2 27.
Na4 b5 0-1

[Event "AUTO-MASTER-691"]
[Site "http://www.queenalice.com/game.php?id=509989"]
[Date "2008.12.19"]
[Round "1"]
[White "MisterEd"]
[Black "milo_krokodil4e"]
[Result "1-0"]
[WhiteElo "2205"]
[BlackElo "1985"]

1. e4 e6 2. d4 d5 3. Nd2 c5 4. exd5 exd5 5. Ngf3 Nc6 6. Bb5 Bd6 7. O-O Ne7 8.
dxc5 Bxc5 9. Nb3 Bd6 10. Re1 O-O 11. Bd3 h6 12. h3 Nb4 13. Nbd4 Nxd3 14. Qxd3
Bc5 15. c3 Nc6 16. Be3 Qb6 17. b4 Bxd4 18. Nxd4 Qd8 19. Nxc6 bxc6 20. Bd4 Qg5
21. Re5 Qh4 22. Rae1 a5 23. b5 cxb5 24. Bc5 Be6 25. Bxf8 Kxf8 26. Qh7 Rd8 27.
Qh8+ Ke7 28. Qxg7 b4 29. Rxe6+ 1-0

[Event "AUTO-MASTER-691"]
[Site "http://www.queenalice.com/game.php?id=509990"]
[Date "2008.12.19"]
[Round "1"]
[White "milo_krokodil4e"]
[Black "MisterEd"]
[Result "0-1"]
[WhiteElo "1957"]
[BlackElo "2186"]

1. e4 e5 2. Nf3 Nf6 3. Nxe5 d6 4. Nf3 Nxe4 5. d4 d5 6. Bd3 Bd6 7. O-O O-O 8. c4
c6 9. Nc3 Nxc3 10. bxc3 Bg4 11. Bxh7+ Kxh7 12. Ng5+ Qxg5 0-1

[Event "AUTO-OPEN-1218"]
[Site "http://www.queenalice.com/game.php?id=525560"]
[Date "2009.1.19"]
[Round "3"]
[White "MisterEd"]
[Black "Mestre_Quin"]
[Result "1-0"]
[WhiteElo "2218"]
[BlackElo "2150"]

1. d4 d5 2. c4 e6 3. Nc3 f5 4. Bf4 c6 5. e3 Nf6 6. Bd3 Bd6 7. Bxd6 Qxd6 8. Nf3
Ne4 9. Qb3 Nd7 10. O-O a6 11. a4 Nxc3 12. bxc3 O-O 13. cxd5 exd5 14. c4 Nf6 15.
Ne5 Ne4 16. Ra2 Rb8 17. cxd5 c5 18. Rb2 cxd4 19. exd4 Nc5 20. dxc5 Qxe5 21. Re2
Qd4 22. c6 bxc6 23. Qxb8 Qxd3 24. Re7 Qxd5 25. Qc7 Qd4 26. Qxc6 1-0

[Event "AUTO-OPEN-1218"]
[Site "http://www.queenalice.com/game.php?id=525561"]
[Date "2009.1.19"]
[Round "3"]
[White "Mestre_Quin"]
[Black "MisterEd"]
[Result "1-0"]
[WhiteElo "2150"]
[BlackElo "2262"]

1. e4 e5 2. Nf3 Nc6 3. d4 exd4 4. Nxd4 Nf6 5. Nxc6 bxc6 6. Bd3 d5 7. e5 Ng4 8.
Bf4 Bc5 9. O-O g5 10. Bd2 Qe7 11. Qe2 h5 12. Nc3 Bd4 13. Rae1 Be6 14. Kh1 Nxe5
15. f4 Bg4 16. Qxe5 Bxe5 17. Rxe5 Be6 18. f5 Qd6 19. Rfe1 O-O 20. fxe6 f6 21.
R5e2 Qe7 22. Nd1 d4 23. Be4 Rab8 24. Bxc6 Rb6 25. Bf3 g4 26. Bd5 Rd8 27. Bb3 Kg7
28. Rf1 Kg6 29. Nf2 Rb5 30. Nd3 c5 31. Nf4+ Kh7 32. Nxh5 Rf8 33. Ng3 Rb6 34. Rf5
Rxb3 35. axb3 Rc8 36. Rh5+ Kg8 37. Re4 Rc6 38. Rxg4+ 1-0

[Event "AUTO-MASTER-596"]
[Site "http://www.queenalice.com/game.php?id=533766"]
[Date "2009.2.2"]
[Round "2"]
[White "jeantomasia"]
[Black "MisterEd"]
[Result "0-1"]
[WhiteElo "2167"]
[BlackElo "2228"]

1. e4 e6 2. d4 d5 3. Nc3 Bb4 4. e5 c5 5. a3 Bxc3+ 6. bxc3 Ne7 7. f4 Qa5 8. Bd2
Qa4 9. Nf3 b6 10. Qb1 Ba6 11. Qb3 Qxb3 12. cxb3 Bxf1 13. Rxf1 Nd7 14. Ke2 Rc8
15. Rac1 c4 16. b4 b5 17. g4 Nb6 18. h4 h5 19. Ng5 hxg4 20. Rg1 Rxh4 21. Be1
Rh2+ 22. Bf2 Na4 23. Rc2 Nf5 24. Rxg4 Ke7 25. Nf3 Rh3 26. Rg1 a6 27. Rg2 Rch8
28. Rg1 R8h6 29. Rg4 Rh1 30. Ng1 R6h2 31. Kf3 Rxf2+ 32. Kxf2 Rh2+ 0-1

[Event "AUTO-MASTER-596"]
[Site "http://www.queenalice.com/game.php?id=533767"]
[Date "2009.2.2"]
[Round "2"]
[White "MisterEd"]
[Black "jeantomasia"]
[Result "1-0"]
[WhiteElo "2239"]
[BlackElo "2231"]

1. d4 Nf6 2. c4 g6 3. Nc3 Bg7 4. e4 d6 5. f3 O-O 6. Be3 e5 7. Nge2 Nc6 8. Qd2
Nd7 9. d5 Ne7 10. g4 f5 11. gxf5 gxf5 12. Bg5 f4 13. Rg1 a5 14. O-O-O Nc5 15. h4
Kh8 16. h5 Bd7 17. Qe1 h6 18. Bh4 Qe8 19. Nb5 Bxb5 20. cxb5 Ng8 21. Bf2 Qxh5 22.
Qc3 b6 23. Kb1 Nf6 24. Re1 Ra7 25. Nc1 Nh7 26. Be2 Ng5 27. Rh1 Qf7 28. Reg1
Ngxe4 29. fxe4 Nxe4 30. Qe1 Qxd5 31. Bd3 Nxf2 32. Qxf2 c5 33. bxc6 Qxc6 34. Qh4
e4 35. Rxg7 Rxg7 36. Qxh6+ Kg8 37. Qe6+ Rff7 38. Bc4 Qa8 39. Qh6 Kf8 40. Qxd6+
Kg8 41. Qe7 1-0

[Event "AUTO-MASTER-596"]
[Site "http://www.queenalice.com/game.php?id=533770"]
[Date "2009.2.2"]
[Round "2"]
[White "jsm"]
[Black "MisterEd"]
[Result "0-1"]
[WhiteElo "2111"]
[BlackElo "2231"]

1. e4 e6 2. d4 d5 3. Nd2 c5 4. Ngf3 Nc6 5. Bb5 dxe4 6. Nxe4 Bd7 7. d5 exd5 8.
Qxd5 Qa5+ 9. Nc3 Nf6 10. Qc4 O-O-O 11. O-O Be6 12. Qa4 Qxa4 13. Bxa4 Nd4 14. Ng5
Bc4 15. Be3 h6 16. Nge4 Nxe4 17. Nxe4 Bxf1 18. Kxf1 b5 19. c3 bxa4 20. cxd4 cxd4
21. Bd2 f5 22. Ng3 g6 23. Rc1+ Kb7 24. Ne2 d3 25. Nf4 g5 26. Ne6 Rd5 27. Rc7+
Kb8 28. Rc4 Be7 29. Ke1 Re5+ 0-1

[Event "AUTO-MASTER-596"]
[Site "http://www.queenalice.com/game.php?id=533771"]
[Date "2009.2.2"]
[Round "2"]
[White "MisterEd"]
[Black "jsm"]
[Result "1-0"]
[WhiteElo "2255"]
[BlackElo "2096"]

1. d4 d5 2. c4 e6 3. Nc3 Bb4 4. cxd5 exd5 5. Bf4 Nf6 6. a3 Bd6 7. Bxd6 Qxd6 8.
e3 c6 9. Bd3 O-O 10. Nge2 Bg4 11. O-O Nbd7 12. f3 Bh5 13. Nf4 Bg6 14. Nxg6 hxg6
15. Qd2 Rfe8 16. Kh1 Re7 17. Bc2 Rae8 18. e4 dxe4 19. fxe4 Ng4 20. g3 Qe6 21.
Rf3 c5 22. Nd5 cxd4 23. Qxd4 Nde5 24. Nxe7+ Rxe7 25. Rff1 Rd7 26. Qc3 Qb6 27.
Rae1 Rc7 28. Qb3 Qc5 29. Bb1 b5 30. Qd5 Nc4 31. Rf4 Nf6 32. Qd8+ Kh7 33. Rh4+
Nh5 34. e5 Nxe5 35. Rxh5# 1-0

[Event "AUTO-MASTER-596"]
[Site "http://www.queenalice.com/game.php?id=533772"]
[Date "2009.2.2"]
[Round "2"]
[White "zonszein"]
[Black "MisterEd"]
[Result "0-1"]
[WhiteElo "2117"]
[BlackElo "2249"]

1. e4 e6 2. d4 d5 3. Nc3 Bb4 4. e5 c5 5. a3 Bxc3+ 6. bxc3 Ne7 7. Qg4 O-O 8. Nh3
Qc7 9. Bd3 cxd4 10. O-O Qxc3 11. Ng5 Nf5 12. Rb1 Nc6 13. Rb3 Qa5 14. Nxh7 Kxh7
15. Qh5+ Kg8 16. Bxf5 exf5 17. Rh3 f6 18. exf6 Rxf6 19. Qh7+ Kf8 20. Rg3 Rf7 21.
a4 Ke8 22. Qg8+ Rf8 23. Qxg7 Rf7 24. Qh6 Ne7 25. Ba3 d3 26. cxd3 f4 27. Rg7 Rxg7
28. Qxg7 Nc6 29. Qf8+ Kd7 30. Qd6+ Ke8 31. Qxf4 Kd8 32. h4 d4 33. Qf8+ Kc7 34.
Qd6+ Kb6 35. Rb1+ Ka6 36. Rc1 Qb6 37. Qd5 Na5 38. Rc5 Be6 39. Rxa5+ Qxa5 40.
Qxe6+ b6 41. Qc4+ Kb7 42. Qf7+ Ka6 43. Qc4+ Kb7 44. Qxd4 Rc8 45. Qe4+ Ka6 46. d4
Qxa4 47. Qd3+ Qc4 48. Qxc4+ Rxc4 49. h5 b5 50. Bc5 b4 51. h6 Rc1+ 52. Kh2 b3 53.
h7 b2 54. h8=Q b1=Q 55. Qc8+ Kb5 56. Qb7+ Kc4 57. Qxb1 Rxb1 58. Bxa7 Kd5 59. Kg3
Rb2 60. f3 Ra2 61. Kh3 Rxa7 0-1

[Event "AUTO-MASTER-596"]
[Site "http://www.queenalice.com/game.php?id=533773"]
[Date "2009.2.2"]
[Round "2"]
[White "MisterEd"]
[Black "zonszein"]
[Result "0-1"]
[WhiteElo "2238"]
[BlackElo "2068"]

1. d4 Nf6 2. c4 g6 3. Nc3 Bg7 4. e4 d6 5. f3 O-O 6. Bg5 Nc6 7. Nge2 a6 8. Qd2
Rb8 9. h4 e5 10. d5 Nd4 11. Nxd4 exd4 12. Qxd4 h6 13. Qa7 hxg5 14. Qxb8 Nd7 15.
Qa7 Nc5 16. O-O-O gxh4 17. Kb1 Bxc3 18. bxc3 Qf6 19. Rc1 Bd7 20. Be2 Rc8 21. g3
hxg3 22. Rcg1 Qxc3 23. Rxg3 Qb4+ 24. Kc1 Qc3+ 25. Kb1 Ba4 26. Rc1 Qb4+ 27. Ka1
Qd2 28. Rgg1 Qxe2 0-1

[Event "AUTO-OPEN-1243"]
[Site "http://www.queenalice.com/game.php?id=577158"]
[Date "2009.4.24"]
[Round "2"]
[White "MisterEd"]
[Black "richerby"]
[Result "1-0"]
[WhiteElo "2257"]
[BlackElo "2066"]

1. e4 e5 2. Nf3 Nc6 3. Bc4 Bc5 4. d4 exd4 5. O-O d6 6. Bg5 Nf6 7. c3 Bg4 8. Qb3
O-O 9. cxd4 Bb6 10. d5 Na5 11. Qc2 Nxc4 12. Qxc4 h6 13. Be3 Re8 14. Bxb6 axb6
15. Nfd2 Bd7 16. Nc3 c6 17. Qd3 Bg4 18. f3 Bh5 19. a4 Rc8 20. Rfd1 Nd7 21. Nc4
Nc5 22. Qc2 b5 23. axb5 cxb5 24. Nxb5 1-0

[Event "AUTO-OPEN-1243"]
[Site "http://www.queenalice.com/game.php?id=577159"]
[Date "2009.4.24"]
[Round "2"]
[White "richerby"]
[Black "MisterEd"]
[Result "1/2-1/2"]
[WhiteElo "2054"]
[BlackElo "2280"]

1. d4 d5 2. c4 e6 3. Nc3 c5 4. cxd5 exd5 5. Nf3 Nc6 6. g3 Nf6 7. Bg2 Be7 8. O-O
O-O 9. Bg5 cxd4 10. Nxd4 h6 11. Be3 Re8 12. Rc1 Bf8 13. Nxc6 bxc6 14. Na4 Bd7
15. Nc5 Rb8 16. b3 Bg4 17. Qd3 Rb5 18. a4 Rxc5 19. Bxc5 Bxe2 20. Qc2 Bxc5 21.
Rfe1 Ba3 22. Ra1 Ba6 23. Qxc6 Rxe1+ 24. Rxe1 Qa5 25. Rd1 Be2 26. Ra1 Qd2 27.
Qc8+ Kh7 28. Qf5+ Kh8 29. Qb1 Bc5 30. Qe1 Qxe1+ 31. Rxe1 Bg4 1/2-1/2

[Event "AUTO-MASTER-691"]
[Site "http://www.queenalice.com/game.php?id=627119"]
[Date "2009.7.30"]
[Round "2"]
[White "Tibe2003"]
[Black "MisterEd"]
[Result "0-1"]
[WhiteElo "2155"]
[BlackElo "2272"]

1. e4 e5 2. Nf3 Nc6 3. Bb5 a6 4. Ba4 Nf6 5. O-O Be7 6. Re1 b5 7. Bb3 O-O 8. c3
d5 9. exd5 Nxd5 10. Nxe5 Nxe5 11. Rxe5 c6 12. g3 Bf6 13. Re1 c5 14. d3 b4 15.
Qf3 Be6 16. cxb4 Nxb4 17. Bxe6 Nc2 18. Re2 Nd4 0-1

[Event "AUTO-MASTER-691"]
[Site "http://www.queenalice.com/game.php?id=627120"]
[Date "2009.7.30"]
[Round "2"]
[White "MisterEd"]
[Black "Tibe2003"]
[Result "1-0"]
[WhiteElo "2263"]
[BlackElo "2178"]

1. e4 c5 2. Nf3 e6 3. d4 cxd4 4. Nxd4 a6 5. Bd3 b5 6. O-O Qc7 7. Qe2 Bb7 8. a4
b4 9. Nd2 Nc6 10. Nxc6 dxc6 11. Nc4 a5 12. Be3 e5 13. Bb6 1-0

[Event "AUTO-MASTER-691"]
[Site "http://www.queenalice.com/game.php?id=627125"]
[Date "2009.7.30"]
[Round "2"]
[White "MisterEd"]
[Black "Diego_Silveira"]
[Result "1-0"]
[WhiteElo "2290"]
[BlackElo "1977"]

1. e4 c6 2. d4 d5 3. e5 Bf5 4. Nf3 e6 5. Be2 c5 6. Be3 Qb6 7. Nc3 Nc6 8. O-O
cxd4 9. Nxd4 Nxd4 10. Bxd4 Qa5 11. g4 Bg6 12. f4 Ne7 13. Bb5+ Kd8 14. f5 exf5
15. Bc5 Qc7 16. Bxe7+ Bxe7 17. gxf5 Bh5 18. Qxh5 1-0

[Event "AUTO-MASTER-691"]
[Site "http://www.queenalice.com/game.php?id=627126"]
[Date "2009.7.30"]
[Round "2"]
[White "Diego_Silveira"]
[Black "MisterEd"]
[Result "0-1"]
[WhiteElo "2003"]
[BlackElo "2286"]

1. d4 Nf6 2. c4 e6 3. Nf3 d5 4. Bg5 dxc4 5. e4 Bb4+ 6. Nc3 c5 7. d5 exd5 8. exd5
O-O 9. Bxc4 Re8+ 10. Be2 h6 11. Bh4 g5 0-1

[Event "AUTO-MASTER-691"]
[Site "http://www.queenalice.com/game.php?id=627127"]
[Date "2009.7.30"]
[Round "2"]
[White "MisterEd"]
[Black "Alexandrovinsk"]
[Result "1-0"]
[WhiteElo "2280"]
[BlackElo "2091"]

1. e4 c6 2. d4 d5 3. e5 Bf5 4. Nf3 h6 5. Bd3 Bxd3 6. Qxd3 e6 7. O-O Nd7 8. c4
Ne7 9. Nc3 dxc4 10. Qxc4 Nd5 11. Bd2 N7b6 12. Qb3 Be7 13. Ne4 O-O 14. Rac1 Rb8
15. Ba5 Qd7 16. Rc2 Rfc8 17. Rfc1 Qe8 18. Nfd2 Nf4 19. Qf3 Nbd5 20. Nc4 Qf8 21.
Ncd6 Ng6 22. Nxc8 Rxc8 23. g3 Nb4 24. Bxb4 Bxb4 25. a3 Be7 26. h4 Kh7 27. h5 Nh8
28. g4 f6 29. exf6 gxf6 30. Ng3 Bd6 31. Qe4+ 1-0

[Event "AUTO-MASTER-691"]
[Site "http://www.queenalice.com/game.php?id=627128"]
[Date "2009.7.30"]
[Round "2"]
[White "Alexandrovinsk"]
[Black "MisterEd"]
[Result "0-1"]
[WhiteElo "2123"]
[BlackElo "2273"]

1. e4 e5 2. Nc3 Nc6 3. f4 exf4 4. Nf3 g5 5. d4 g4 6. Bc4 gxf3 7. Qxf3 d5 8. Bxd5
Qh4+ 9. g3 Qg4 10. Bxc6+ bxc6 11. Qxg4 Bxg4 12. gxf4 O-O-O 13. Be3 Bf3 14. O-O
Bh5 15. Rae1 Nf6 16. h3 Bb4 17. Bf2 Rhg8+ 18. Kh2 Bxc3 19. bxc3 Nxe4 20. Rxe4
Bf3 21. Re3 Rg2+ 22. Kh1 Bd5 23. Bg1 Rf2+ 0-1

[Event "AUTO-OPEN-1243"]
[Site "http://www.queenalice.com/game.php?id=676927"]
[Date "2009.11.3"]
[Round "3"]
[White "MisterEd"]
[Black "philipp84lemke"]
[Result "1/2-1/2"]
[WhiteElo "2321"]
[BlackElo "2345"]

1. e4 e5 2. Nf3 Nc6 3. Bc4 Nf6 4. d4 exd4 5. e5 d5 6. Bb5 Ne4 7. Nxd4 Bd7 8.
Bxc6 bxc6 9. O-O c5 10. Nb3 c6 11. c4 Bf5 12. f3 Ng5 13. Nc3 Ne6 14. cxd5 cxd5
15. Qxd5 Qxd5 16. Nxd5 c4 17. Na5 Bd3 18. Rd1 O-O-O 19. Ne3 Bc5 20. Kh1 Bb6 21.
Nc6 Rd7 22. Nb4 Rhd8 23. h3 Nc5 24. e6 Nxe6 25. Nc6 Re8 26. Nxc4 Bxc4 27. Rxd7
Bb5 28. Rxa7 Bxc6 29. Rxf7 Bd4 30. Bd2 Bxb2 31. Rb1 Bf6 32. Rc1 Nd8 33. Ra7 Bd4
34. Ra4 Bb2 35. Rc2 Bf6 36. Rac4 Kd7 37. a4 Re2 38. Kg1 h5 39. Kf1 Re6 40. Kf2
1/2-1/2

[Event "AUTO-OPEN-1243"]
[Site "http://www.queenalice.com/game.php?id=676928"]
[Date "2009.11.3"]
[Round "3"]
[White "philipp84lemke"]
[Black "MisterEd"]
[Result "0-1"]
[WhiteElo "2359"]
[BlackElo "2307"]

1. e4 e5 2. Nf3 Nc6 3. Bc4 Nf6 4. d4 exd4 5. O-O Bc5 6. e5 d5 7. exf6 dxc4 8.
fxg7 Rg8 9. Bg5 Be7 10. Bxe7 Kxe7 11. Re1+ Be6 12. Re4 f5 13. Rh4 Rxg7 14. Nxd4
Qd7 15. Nc3 Rd8 16. Nxc6+ Qxc6 17. Qf1 Kf7 18. Rh6 b5 19. Re1 Rd6 20. Rh4 Bc8
21. Rh3 b4 22. Ne2 c3 23. bxc3 Ba6 24. f4 Re6 25. Qf2 Qe4 26. cxb4 Bxe2 27. Rc3
Rxg2+ 28. Qxg2 Qd4+ 29. Qf2 Qxc3 30. Rxe2 Rg6+ 31. Kf1 Qc6 32. Re1 Qc4+ 33. Re2
Rg4 34. Ke1 Qxb4+ 35. Kd1 Rxf4 36. Qe3 Rf1+ 37. Re1 Rxe1+ 38. Qxe1 Qxe1+ 39.
Kxe1 Ke6 0-1